| 000 | 00937cab a2200229 4500 | ||
|---|---|---|---|
| 001 | X3784 | ||
| 008 | 090401t1996 xxu||||| |||| 00| 0 eng d | ||
| 035 | _a(Sirsi) u32784 | ||
| 041 | _aeng | ||
| 245 | _aBritish Telecommunications plc v Department of the Environment | ||
| 260 | _c1996 | ||
| 350 | _a0 | ||
| 490 |
_aNew Property Cases _v[1996] NPC 148(3) |
||
| 520 | _aChD 29 October 1996. A denial of a landlord`s title in the course of proceedings will not amount to grounds for forfeiture unless it is unequivocal and the court may look at the surrounding circumstances to determine whether or not that is so (taken from case heading). NOTE:- NO PHOTOCOPYING ALLOWED. | ||
| 650 | _aBRITISH TELECOMMUNICATIONS PLC V DEPARTMENT OF THE ENVIRONMENT | ||
| 650 | _aFORFEITURE OF LEASE | ||
| 650 | _aPOST OFFICE WORKS ACT 1959 | ||
| 650 | _aTITLE | ||
| 690 | _aLANDLORD AND TENANT-CASE LAW | ||
| 942 | _n0 | ||
| 948 | _c04/03/1997 | ||
| 999 |
_c21911 _d21911 |
||